00764nam a22002297a 450000500170000001000130001702000100003003500130004003700160005304000120006908200110008110000300009224500590012226000350018127000590021630000210027565000430029665000230033994200200036299900190038295201330040120170124110123.0 aB-132927 c00.00 aB-132927 bCen Lib/Ret aDPLbEN aNbMUR aMurari, Timari N.9139865 aTaj :cby Timari N. Murariba story of mughal India / aNew DelhibPenguin Booksc2004 a11-Community Center Panchsheel ParkbNew Delhie110017 a371p. c18cm(Hb) aTaj Mahal (Agra, India)zIndia9139866 aIslamic art930949 2ddccENhNmMUR c131136d131136 00104070aLbLd2015-07-13eCen Lib/Retg0.00l1m2oN MURpB-132927r2019-08-25 00:00:00s2019-07-28t1v0.00w2016-09-15yEN